Patria potestad y filiación (Registro nro. 3484)
[ vista simple ]
| 000 -LEADER | |
|---|---|
| fixed length control field | 01106 a2200217 4500 |
| 001 - CONTROL NUMBER | |
| control field | 41379 |
| 005 - DATE AND TIME OF LATEST TRANSACTION | |
| control field | 20260407155708.0 |
| 008 - FIXED-LENGTH DATA ELEMENTS--GENERAL INFORMATION | |
| fixed length control field | 260407a1985 arg spa d |
| 003 - CONTROL NUMBER IDENTIFIER | |
| control field | AR-UNSa-BCEJYS |
| 040 ## - CATALOGING SOURCE | |
| Original cataloging agency | AR-UNSa-BCEJYS |
| Language of cataloging | spa |
| Transcribing agency | AR-UNSa-BCEJYS |
| 080 ## - UNIVERSAL DECIMAL CLASSIFICATION NUMBER | |
| Universal Decimal Classification number | 347.63 |
| Common auxiliary subdivision | Filiación. Paternidad. Padres e hijos |
| 020 ## - INTERNATIONAL STANDARD BOOK NUMBER | |
| International Standard Book Number | 950-14-0298-3 |
| 041 ## - LANGUAGE CODE | |
| Language code of text/sound track or separate title | spa |
| 100 1# - MAIN ENTRY--PERSONAL NAME | |
| Personal name | Argentina [Leyes, etc.] |
| 245 10 - TITLE STATEMENT | |
| Title | Patria potestad y filiación |
| Name of part/section of a work | Ley 23.264 modificatoria de la parte pertinente del Código Civil |
| 264 #1 - PRODUCTION, PUBLICATION, DISTRIBUTION, MANUFACTURE, AND COPYRIGHT NOTICE | |
| Place of production, publication, distribution, manufacture | Buenos Aires : |
| Name of producer, publisher, distributor, manufacturer | Ediciones Depalma |
| Date of production, publication, distribution, manufacture, or copyright notice | 1985 |
| 300 ## - PHYSICAL DESCRIPTION | |
| Extent | 99 p. |
| Dimensions | 23 cm. |
| 505 ## - FORMATTED CONTENTS NOTE | |
| Formatted contents note | 1. Nombres de las personas naturales: Ley 18.248 - 2. Matrimonio civil: Ley 2.393 - 3. Derechos civiles de la mujer: Ley 11.357 - 4. Patronato de menores: Ley 10.903 - 5. Adopción de menores: Ley 19.134 - 6. Régimen de menores y de la familia: Ley 14.394 - 7. Régimen penal de la minoridad: Ley 22.278 - 8. Derecho de visita: Ley 21.040 - 9. Servicio nacional de menor: Ley 20.111 - 10. Subsecretaría de menor y la familia: Ley 20.419 |
| 590 ## - LOCAL NOTE (RLIN) | |
| Local note | niveau_biblio:m niveau_hierar:0 |
| 942 ## - ADDED ENTRY ELEMENTS (KOHA) | |
| Koha item type | |
| Withdrawn status | Lost status | Damaged status | Not for loan | Home library | Current library | Shelving location | Date acquired | Total checkouts | Full call number | Barcode | Date last seen | Price effective from | Koha item type |
|---|---|---|---|---|---|---|---|---|---|---|---|---|---|
| Biblioteca Prof. Eusebio Cleto del Rey | Biblioteca Prof. Eusebio Cleto del Rey | 07/04/2026 | 347.63 A691 | L87193 | 07/04/2026 | 07/04/2026 | Libro | ||||||
| Biblioteca Prof. Eusebio Cleto del Rey | Biblioteca Prof. Eusebio Cleto del Rey | 07/04/2026 | 347.63 A691 | L119066 | 07/04/2026 | 07/04/2026 | Libro |